| 000 | 12058nam a22008057a 4500 | ||
|---|---|---|---|
| 005 | 20080918163843.0 | ||
| 008 | 080918t xxu||||| |||| 00| e hin d | ||
| 010 | _aHIN-84140 B-313928-964 | ||
| 020 |
_a8179010554 _c450.00 |
||
| 035 | _aHN-56486 | ||
| 035 | _aB-313928-964 | ||
| 035 | _aB-326529 | ||
| 035 | _aB-357865 | ||
| 037 | _bDBAD / PUB | ||
| 037 | _bसुयोग्य प्रकाशन | ||
| 037 | _bआत्माराम एंड संस | ||
| 040 |
_aDPL _bHN |
||
| 082 | _a808.88 | ||
| 100 | _aशर्मा, पवित्र कुमार | ||
| 245 |
_a101 श्रेष्ठ हिन्दी निबंध / _cपवित्र कुमार शर्मा |
||
| 246 |
_a101 Shreshta Hindi nibanda _bby Pavitra Kumar Sharma |
||
| 260 |
_aनई दिल्ली _bसुयोग्य प्रकाशन _c2008 |
||
| 270 |
_aW-116, Greater Kailash-1 _bNew Delhi _e110048 |
||
| 300 |
_a352पृ. _c22सेमी(सजिल्द) |
||
| 650 | _2हिन्दी निबंध | ||
| 650 | _2Hindi essays | ||
| 942 |
_2ddc _cHN _h808.88 _mशर्माप |
||
| 999 |
_c15516 _d15516 |
||